000 00520nam a2200193Ia 4500
999 _c14926
_d14926
003 OSt
005 20201019101539.0
008 190216s9999||||xx |||||||||||||| ||und||
020 _a9781412922302
040 _coclc
082 _a306
_bLEW/C
100 _aLewis, Jeff
_95865
245 0 _aCultural Studies /
_cJeff Lewis
250 _a2nd Ed.
260 _bSage Publications,
_c2011.
_aNew Delhi:
300 _a438p
650 _aCultural History
942 _cBK
_2ddc
_h306
_iLEW/C
_k306
_mLEW/C